000 00342nam a2200133Ia 4500
005 20260328101519.0
008 260328s9999||||xx |||||||||||||| ||und||
100 _aSucre, Sebastián
245 0 _aArquitectura, Urbanismo y Arte /
_cSebastián Sucre
260 _bFundavico
300 _a116 p.
650 _aARQUITECTURA REGIONAL
942 _cBK
999 _c9518
_d9518